Soil science and management

Shranjeno v:
Bibliografske podrobnosti
Glavni avtor: Plaster, Edward J.
Format: Knjiga
Jezik:Undetermined
Izdano: Australia Thomson 2003
Teme:
Oznake: Označite
Brez oznak, prvi označite!
Thư viện lưu trữ: Trung tâm Học liệu Trường Đại học Cần Thơ
LEADER 00501nam a2200193Ia 4500
001 CTU_88925
008 210402s9999 xx 000 0 und d
020 |c 1132000 
082 |a 631.4 
082 |b P715 
100 |a Plaster, Edward J. 
245 0 |a Soil science and management 
245 0 |c Edward J. Plaster 
260 |a Australia 
260 |b Thomson 
260 |c 2003 
650 |a Soil science,Soil management 
904 |i Truc 
980 |a Trung tâm Học liệu Trường Đại học Cần Thơ